| 000 | 00618nam a2200229Ia 4500 | ||
|---|---|---|---|
| 008 | 180523s9999 xx 000 0 und d | ||
| 020 | _a0-07-255752-4 | ||
| 050 | _aMAIN HG 4026 | ||
| 050 | _b.B74 2004 c.1 | ||
| 100 | _aBrealey, Richard A. | ||
| 245 | 0 | _aFundamentals of corporate finance / | |
| 245 | 0 | _cRichard A. Brealey, Stewart C. Myers, Alan J. Marcus. | |
| 250 | _a4th Edition | ||
| 260 | _aNew York : | ||
| 260 | _bMcGraw-Hill, | ||
| 260 | _c2004 | ||
| 300 | _a736 pages : | ||
| 300 | _billustrations ; | ||
| 300 | _c23 cm. | ||
| 500 | _aIncludes index. | ||
| 650 | _aCorporations -- Finance. | ||
| 999 |
_c357251 _d357251 |
||